Missing Word: Movies Featuring Dragons Quiz Stats

 Plays Quiz Updated May 9, 2018

Challenge
Share
Tweet
Embed
Score 0/14 Timer 03:00
0 Plays Today
Title Missing Word % Correct
How to ___ Your DragonTrain
95.9%
The NeverEnding ___Story
92.8%
Harry Potter and the ___ of FireGoblet
90.2%
___ & DragonsDungeons
82.8%
Spirited ___Away
78.8%
__'s DragonPete
74.6%
The Hobbit: The ___ of SmaugDesolation
69.4%
Title Missing Word % Correct
Ghidorah, the Three-Headed ___Monster
33.4%
___ of FireReign
31.2%
Seventh ___Son
24.6%
Dragonheart 3: The Sorcerer's ___Curse
20%
___ from EarthseaTales
18.8%
___ of the DragonsAge
17.5%
The ___ of DragonsFlight
11.5%

Today's Daily Dose

You're not logged in!

Compare scores with friends on all Sporcle quizzes.
OR
Log In

You Might Also Like...

Show Comments

Extras

Top Quizzes Today


Score Distribution

Your Account Isn't Verified!

In order to create a playlist on Sporcle, you need to verify the email address you used during registration. Go to your Sporcle Settings to finish the process.

Report this User

Report this user for behavior that violates our Community Guidelines.

Details: